Films avec Coluche par image - Statistiques

Statistiques générales
  • Ce quiz a été pris 131 fois
  • Le résultat moyen est 7 sur 16
Statistiques - réponses
Par images Réponse % Correct
L'Aile ou la Cuisse
97%
Tchao Pantin
76%
Le Maître d'école
73%
Inspecteur la Bavure
70%
Banzaï
69%
Peau d'âne
55%
Deux heures moins le quart avant Jésus-Christ
52%
La Vengeance du serpent à plumes
43%
Vous n'aurez pas l'Alsace et la Lorraine
39%
La Femme de mon pote
33%
Le Bon Roi Dagobert
31%
Les Vécés étaient fermés de l'intérieur
24%
Le Fou de guerre
22%
Le Grand Bazar
17%
Les Rois du gag
14%
L'An 01
5%
Aucun quiz correspondant
Distribution des résultats
% des personnes avec chaque résultat
Percentile par nombre de réponses
Votre historique - résultats
Vous n’avez pas pris ce quiz